LIBRARY ONLINE CATALOGUE

Pharmacy Management (Record no. 16999)

MARC details
000 -LEADER
fixed length control field 00436nam a22001457a 4500
008 - FIXED-LENGTH DATA ELEMENTS--GENERAL INFORMATION
fixed length control field 180716b xxu||||| |||| 00| 0 eng d
020 ## - INTERNATIONAL STANDARD BOOK NUMBER
International Standard Book Number 0071418695
050 ## - LIBRARY OF CONGRESS CALL NUMBER
Classification number RS100
Item number .D47 2004 c.1
100 ## - MAIN ENTRY--PERSONAL NAME
Personal name Desselle, Shane P.
245 ## - TITLE STATEMENT
Title Pharmacy Management
Remainder of title Essentials for All Practice Settings
Statement of responsibility, etc. Shane P. Desselle
260 ## - PUBLICATION, DISTRIBUTION, ETC. (IMPRINT)
Place of publication, distribution, etc. New York
Name of publisher, distributor, etc. McGrawHill
Date of publication, distribution, etc. 2004
300 ## - PHYSICAL DESCRIPTION
Extent xviii,597p.
650 ## - SUBJECT ADDED ENTRY--TOPICAL TERM
Topical term or geographic name as entry element Pharmacy Management
942 ## - ADDED ENTRY ELEMENTS (KOHA)
Source of classification or shelving scheme Library of Congress Classification
Koha item type General Collection
Holdings
Withdrawn status Lost status Source of classification or shelving scheme Not for loan Home library Current library Date acquired Cost, normal purchase price Total Checkouts Full call number Barcode Date last seen Date last checked out Price effective from Koha item type
    Library of Congress Classification   Kabarak, Main Campus Kabarak, Main Campus 16/07/2018 4995.00 5 RS100 .D47 2004 c.1 024830 20/02/2020 10/02/2020 16/07/2018 General Collection